1730 1009 1723 1778 1177 1750 1607 1419 1063 1219 1827 1279 1812 1367 1808 1539 1395 1140 1101 1209 1700 1212 1166 1071 1480 1629 1987 1734 1322 1877 1343 1668 1965 1856 1727 1345 1025 1734 1188 1421 1095 1977 1959 1881 1811 1411 1173 1892 1887 1204 1813 1040 1107 1029 1580 1966 1501 1758 1651 1742 1396 1616 1231 1708 1255 1732 1462 1906 1547 1866 1385 1803 1772 1347 1198 1885 1241 1163 1007 1591 1784 1330 1095 1816 1170 1770 1512 1442 1132 1708 1878 1925 1092 1591 1960 1363 1505 1989 1929 BCNSPRNW ULIB Ver.6.0+V

เปลี่ยนเป็นภาษาไทย

Change to English
 แสดงรายละเอียดบรรณานุกรม
  กลับหน้าหลัก

Brief Record : Get Marc (ISO 2709) : E-mail record : QR code < ปิดหน้าต่าง
LEADER : 00000nam 2200000uu 4500
001    13399122702
003     ULIB
008    130902s2554||||th 000 0 tha d
020    ^a9789740327912
050  4 ^aBF441^bช14ก
100 0  ^aชนาธิป พรกุล
245 00 ^aการสอนกระบวนการคิด ทฤษฎีและการนำไปใช้^cชนาธิป พรกุล
250    ^aพิมพ์ครั้งที่ 2
260    ^aกรุงเทพฯ:^bสำนักพิมพ์แห่งจุฬาลงกรณ์มหาวิทยาลัย,^c2554
300    ^a454 หน้า:^bภาพประกอบ,^c29cm
650  4 ^aการคิด
650  4 ^aการสอนการคิด
945    ^p310^l0^i20144
995    ^aทศพร
999    ^aทศพร เกษรทอง
รายการนี้ยังไม่มีแท็ก
คุณยังไม่ได้ล็อกอิน คุณสามารถมีกิจกรรมร่วมกับเว็บไซต์ได้ แต่ต้องล็อกอินก่อน ::
  ล็อกอิน

รายการสื่อสารสนเทศ

ลำดับที่ ประเภท เลขเรียก/บาร์โค้ด สถานที่ สถานะ
1. การศึกษาทั่วไป
การศึกษาทั่วไป
BF441 ช14ก ฉ.1 
  Barcode: 20144
ห้องสมุดวิทยาเขตนครสวรรค์
►หนังสือทั่วไป:l:General Books
บนชั้น

รายการใกล้เคียง
    ผู้แต่ง [ชนาธิป พรกุล]

    หัวเรื่อง [การคิด]
    หัวเรื่อง [การสอนการคิด]

BibComment


ยังไม่เคยถูกคอมเมนท์

คอมเมนท์ทรัพยากรรายการนี้
  คอมเมนท์: การสอนกระบวนการค..


 Copyright 2026. Bcnsprnw @Library